Report of the central wage board for engineering indutries (Record no. 495932)

000 -LEADER
fixed length control field 00485cam a22001097a 4500
008 - FIXED-LENGTH DATA ELEMENTS--GENERAL INFORMATION
fixed length control field 180718b1968 xxu||||| |||| 00| 0 eng d
082 ## - DEWEY DECIMAL CLASSIFICATION NUMBER
Classification number R22x54 In2Ei
245 ## - TITLE STATEMENT
Title Report of the central wage board for engineering indutries
Statement of responsibility, etc. by Ministry of Labour, Employment and Rehabilitation, Department of Labour and Employment
260 ## - PUBLICATION, DISTRIBUTION, ETC.
Place of publication, distribution, etc. Bombay
Name of publisher, distributor, etc. Government of India
Date of publication, distribution, etc. 1968
300 ## - PHYSICAL DESCRIPTION
Extent 361p
700 ## - ADDED ENTRY--PERSONAL NAME
Personal name India. Ministry of Labour, Employment and Rehabilitation, Department of Labour and Employment
Holdings
Withdrawn status Lost status Damaged status Not for loan Permanent Location Current Location Date acquired Full call number Barcode Date last seen Price effective from Koha item type
        Indian Institute of Public Administration Indian Institute of Public Administration 2018-08-04 R22x54 In2Ei GG10882 2018-08-04 2018-08-04 GG

Powered by Koha